|
|
|
|
| LEADER |
02214nam a2200517 a 4500 |
| 001 |
nkc20061639597 |
| 003 |
CZ PrNK |
| 005 |
20060314093544.0 |
| 007 |
ta |
| 008 |
060124s2005 xr c e p 000 0 cze |
| 015 |
|
|
|a cnb001639597
|
| 020 |
|
|
|a 80-7231-037-2
|q (brož.) :
|c Kč 76,00
|
| 035 |
|
|
|a (OCoLC)85166700
|
| 040 |
|
|
|a OLA001
|b cze
|d ABA001
|
| 072 |
|
7 |
|a 327
|x Mezinárodní vztahy, světová politika
|2 Konspekt
|9 15
|
| 072 |
|
7 |
|a 37.016
|x Učební osnovy. Vyučovací předměty. Učebnice
|2 Konspekt
|9 22
|
| 080 |
|
|
|a 323.28
|2 MRF
|
| 080 |
|
|
|a 327.8
|2 MRF
|
| 080 |
|
|
|a 341.49:323.28
|2 MRF
|
| 080 |
|
|
|a (075.8)
|2 MRF
|
| 100 |
1 |
|
|a Matoušek, Jiří,
|d 1930-2011
|7 jn20000401751
|4 aut
|
| 245 |
1 |
0 |
|a Nové hrozby terorismu :
|b chemický, biologický, radiologický a jaderný terorismus : skripta /
|c Jiří Matoušek, Otakar Mika, Dušan Vičar
|
| 260 |
|
|
|a Brno :
|b Univerzita obrany,
|c 2005
|
| 300 |
|
|
|a 121 s. :
|b portréty ;
|c 30 cm
|
| 500 |
|
|
|a Nad názvem: Univerzita obrany, Ústav ochrany proti zbraním hromadného ničení
|
| 500 |
|
|
|a Na obálce nad názvem: S - 3651
|
| 500 |
|
|
|a 100 výt.
|
| 504 |
|
|
|a Obsahuje bibliografie
|
| 650 |
0 |
7 |
|a terorismus
|7 ph116439
|2 czenas
|
| 650 |
0 |
7 |
|a mezinárodní terorismus
|7 ph138082
|2 czenas
|
| 650 |
0 |
7 |
|a boj proti terorismu
|7 ph137691
|2 czenas
|
| 650 |
0 |
9 |
|a terrorism
|2 eczenas
|
| 650 |
0 |
9 |
|a international terrorism
|2 eczenas
|
| 650 |
0 |
9 |
|a prevention of terrorism
|2 eczenas
|
| 655 |
|
7 |
|a učebnice vysokých škol
|7 fd133772
|2 czenas
|
| 655 |
|
9 |
|a textbooks (higher)
|2 eczenas
|
| 700 |
1 |
|
|a Mika, Otakar J.,
|d 1953-
|7 mzk2003194445
|4 aut
|
| 700 |
1 |
|
|a Vičar, Dušan,
|d 1953-
|7 mzk2006323889
|4 aut
|
| 710 |
2 |
|
|a Univerzita obrany.
|b Ústav ochrany proti zbraním hromadného ničení
|7 olak2006319346
|
| 856 |
4 |
1 |
|u http://www.digitalniknihovna.cz/mzk/uuid/uuid:8b152580-94f7-11e5-a715-005056827e52
|y Digitalizovaný dokument
|x NDK
|
| 910 |
2 |
|
|a BOA001
|b 3-1163.610
|
| 990 |
|
|
|a BK
|
| 995 |
|
|
|a 01
|
| 991 |
|
|
|b 200603
|c NOV
|
| 996 |
6 |
|
|b 2610270826
|c 3-1163.610
|l MZK
|r Sklad / do 1 hodiny
|n 13
|p p.v.
|w 000806689
|u 000010
|a 1
|e BOA001
|j MZK50
|s P
|
| 996 |
7 |
|
|b 2610270827
|c 3-1163.610
|l MZK
|r Sklad / do 1 hodiny
|n 31
|p p.v.
|w 000806689
|u 000020
|a 1
|e BOA001
|j MZK50
|s A
|